[Event "2e tournoi de maitres"]
[Site "Montigny le Bretonneux"]
[Date "2014.10.18"]
[Round "1.1"]
[White "Kambrath, Yannick"]
[Black "Petkov, Vladimir"]
[Result "0-1"]
[WhiteElo "2267"]
[BlackElo "2528"]
[Annotator "Rivier,Sylvain"]
[PlyCount "66"]
[EventDate "2014.??.??"]

{Défense hollandaise} 1. d4 e6 2. c4 Bb4+ 3. Nc3 f5 4. e3 Bxc3+ 5. bxc3 Nf6 6.
Bd3 b6 7. Ne2 Nc6 8. O-O Ba6 9. Ng3 h5 10. f3 h4 11. Ne2 Nh5 12. e4 O-O 13. Nf4
Nxf4 14. Bxf4 fxe4 15. fxe4 e5 16. Be3 Rxf1+ 17. Qxf1 Qe7 18. d5 Rf8 19. Qe2
Nd8 20. c5 Bxd3 21. Qxd3 bxc5 22. h3 d6 23. Rf1 Rxf1+ 24. Qxf1 c6 25. Qf5 cxd5
26. Bg5 Qc7 27. exd5 Nf7 28. Bxh4 c4 29. Qe6 Qb7 30. Kh2 Kf8 31. a4 a6 32. Kg3
g5 33. Bxg5 Nxg5 {suite illisible} 0-1

[Event "2e tournoi de maitres"]
[Site "Montigny le Bretonneux"]
[Date "2014.10.18"]
[Round "1.2"]
[White "Justo, Damian"]
[Black "Ninov, Nikolai"]
[Result "1/2-1/2"]
[WhiteElo "2353"]
[BlackElo "2440"]
[Annotator "Rivier,Sylvain"]
[PlyCount "62"]
[EventDate "2014.??.??"]

{Ouverture catalane, variante ouverte} 1. d4 Nf6 2. c4 e6 3. g3 d5 4. Nf3 dxc4
5. Bg2 a6 6. O-O Nc6 7. Nc3 Bd6 8. Qa4 O-O 9. Qxc4 e5 10. Rd1 exd4 11. Nxd4 Ne5
12. Qb3 c5 13. Nf3 Qc7 14. Bg5 Be6 15. Qc2 Nxf3+ 16. Bxf3 Be5 17. Bxf6 Bxf6 18.
Nd5 Bxd5 19. Rxd5 Be7 20. Rad1 Rad8 21. Rxd8 Bxd8 22. Qf5 g6 23. Qg4 b5 24. b3
f5 25. Qf4 Qxf4 26. gxf4 Bc7 27. Rd7 Bxf4 28. Ra7 Rf6 29. Bb7 Rb6 30. Bxa6 Bb8
31. Rb7 Rxb7 1/2-1/2

[Event "2e tournoi de maitres"]
[Site "Montigny le Bretonneux"]
[Date "2014.10.18"]
[Round "1.3"]
[White "Joie, Sebastien"]
[Black "Savina, Anastasia"]
[Result "1/2-1/2"]
[WhiteElo "2398"]
[BlackElo "2395"]
[Annotator "Rivier,Sylvain"]
[PlyCount "174"]
[EventDate "2014.??.??"]

{Ouverture du pion dame, défense est-indienne avec fianchetto} 1. Nf3 g6 2. g3
Bg7 3. d4 Nf6 4. Bg2 O-O 5. O-O d6 6. b3 a5 7. Bb2 a4 8. Nc3 a3 9. Bc1 c5 10.
e3 Nc6 11. Nb1 Bg4 12. c3 cxd4 13. exd4 e5 14. h3 Bxf3 15. Bxf3 exd4 16. Bxc6
bxc6 17. cxd4 Qc8 18. Kg2 c5 19. Qf3 Ne4 20. Qxe4 Bxd4 21. Nc3 Bxc3 22. Rb1 Re8
23. Qf3 Qf5 24. Qxf5 gxf5 25. Kf3 d5 26. Rd1 d4 27. Bd2 Bb2 28. Bc1 Bc3 29. Bd2
Bb2 30. Bc1 Bxc1 31. Rbxc1 Re5 32. Rc4 Rd8 33. Rd2 Ra8 34. b4 Ra4 35. Rxc5 Rxc5
36. bxc5 Kf8 37. Kf4 Rb4 38. Ke5 Rb2 39. Rxd4 Ke7 40. Ra4 Re2+ 41. Kd5 Rc2 42.
Ra7+ Kf6 43. Ra6+ Ke7 44. f4 Rd2+ 45. Ke5 Rd3 46. Ra7+ Kd8 47. Rxf7 Rd7 48.
Rf8+ Kc7 49. Ra8 Rd3 50. g4 fxg4 51. hxg4 Kc6 52. Ra5 Rc3 53. Ke6 Rc4 54. f5
Rxg4 55. f6 Rg3 56. f7 Re3+ 57. Kf6 Rf3+ 58. Kg7 Rg3+ 59. Kxh7 Rh3+ 60. Kg6
Rg3+ 61. Kh6 Rf3 62. Kg7 Rg3+ 63. Kf8 Rf3 64. Ke7 Re3+ 65. Kf6 Rf3+ 66. Kg7
Rg3+ 67. Kh6 Rf3 68. Kg6 Rg3+ 69. Kh7 Rh3+ 70. Kg8 Rg3+ 71. Kf8 Rf3 72. Ra4 Kb5
73. c6 Kxc6 74. Kg7 Rg3+ 75. Kh6 Rf3 76. Kg6 Rg3+ 77. Kh5 Rf3 78. Kg6 Rg3+ 79.
Kf6 Rf3+ 80. Ke7 Re3+ 81. Kd8 Rd3+ 82. Ke7 Re3+ 83. Kf6 Rf3+ 84. Ke6 Re3+ 85.
Kf5 Rf3+ 86. Ke4 Rxf7 87. Rxa3 Re7+ 1/2-1/2

[Event "2e tournoi de maitres"]
[Site "Montigny le Bretonneux"]
[Date "2014.10.18"]
[Round "1.4"]
[White "Jessel, Stephen"]
[Black "Etrog, Jonathan"]
[Result "1-0"]
[WhiteElo "2342"]
[BlackElo "2255"]
[Annotator "Rivier,Sylvain"]
[PlyCount "57"]
[EventDate "2014.??.??"]

{Ouverture anglaise, variante symétrique, système Rubinstein} 1. Nf3 Nf6 2. c4
c5 3. g3 d5 4. cxd5 Nxd5 5. Bg2 Nc6 6. Nc3 Nc7 7. a3 e5 8. b4 f6 9. Rb1 Bf5 10.
b5 Nd4 11. d3 Rb8 12. O-O b6 13. Nh4 Bg4 14. h3 Bd7 15. e3 Nf5 16. Nxf5 Bxf5
17. Bc6+ Bd7 18. Qh5+ g6 19. Qf3 Bg7 20. d4 cxd4 21. exd4 Bxc6 22. Qxc6+ Qd7
23. dxe5 Qxc6 24. bxc6 fxe5 25. Rd1 Rd8 26. Bg5 Rxd1+ 27. Rxd1 Ne6 28. c7 O-O
29. Bd8 1-0

[Event "2e tournoi de maitres"]
[Site "Montigny le Bretonneux"]
[Date "2014.10.18"]
[Round "1.5"]
[White "Saada, Julien"]
[Black "Van Dongen, Patrick"]
[Result "1/2-1/2"]
[WhiteElo "2331"]
[BlackElo "2312"]
[Annotator "Rivier,Sylvain"]
[PlyCount "39"]
[EventDate "2014.??.??"]

{Partie du pion dame} 1. d4 Nf6 2. Nf3 g6 3. Nbd2 d5 4. b4 Bg7 5. e3 O-O 6. Be2
b6 7. Bb2 Nbd7 8. b5 Bb7 9. c4 c5 10. bxc6 Bxc6 11. O-O Qb8 12. Qb3 dxc4 13.
Nxc4 Bd5 14. Qa3 Rc8 15. Nce5 Nxe5 16. Nxe5 Qd6 17. Qa4 a6 18. Rfc1 b5 19. Qa5
Nd7 20. Nxd7 1/2-1/2

[Event "2e tournoi de maitres"]
[Site "Montigny le Bretonneux"]
[Date "2014.10.19"]
[Round "2.1"]
[White "Petkov, Vladimir"]
[Black "Joie, Sebastien"]
[Result "1-0"]
[WhiteElo "2528"]
[BlackElo "2398"]
[Annotator "Rivier,Sylvain"]
[PlyCount "89"]
[EventDate "2014.??.??"]

{Gambit dame, défense Tarrasch} 1. d4 Nf6 2. c4 e6 3. Nc3 d5 4. Nf3 c5 5. e3
Nc6 6. cxd5 exd5 7. Bb5 cxd4 8. Nxd4 Bd7 9. O-O Bd6 10. b3 O-O 11. Bb2 Qe7 12.
Nf3 Be6 13. Ne2 Ba3 14. Qc1 Bxb2 15. Qxb2 Ne4 16. Rac1 Rac8 17. Nf4 g5 18. Ne2
f6 19. Rfd1 a6 20. Bd3 Rfe8 21. Ned4 Nxd4 22. Qxd4 Nd6 23. h4 g4 24. Nh2 Qg7
25. Qf4 Rcd8 26. Nf1 Bc8 27. Ng3 Re5 28. Rc5 Be6 29. Rdc1 Rd7 30. a4 Qe7 31.
Ne2 Rh5 32. g3 Nf7 33. Rc8+ Kg7 34. Qb8 Ne5 35. Nf4 Nxd3 36. Nxh5+ Kh6 37. Nf4
Nxc1 38. Rxc1 Bf5 39. Ne2 Qd6 40. Qc8 Be6 41. Nd4 Qe7 42. Nxe6 Qxe6 43. Rc7 Rd6
44. Qf8+ Kg6 45. Qg7+ 1-0

[Event "2e tournoi de maitres"]
[Site "Montigny le Bretonneux"]
[Date "2014.10.19"]
[Round "2.2"]
[White "Ninov, Nikolai"]
[Black "Savina, Anastasia"]
[Result "1/2-1/2"]
[WhiteElo "2440"]
[BlackElo "2395"]
[Annotator "Rivier,Sylvain"]
[PlyCount "57"]
[EventDate "2014.??.??"]

{Partie espagnole, défense berlinoise} 1. e4 e5 2. Nf3 Nc6 3. Bb5 Nf6 4. Qe2
Bc5 5. Bxc6 bxc6 6. c3 d6 7. d4 exd4 8. cxd4 Bb4+ 9. Nc3 a5 10. Bg5 Ba6 11. Qc2
h6 12. Bxf6 Qxf6 13. O-O-O Qf4+ 14. Kb1 Bxc3 15. bxc3 O-O 16. Rde1 a4 17. Ka1
Rfb8 18. h3 a3 19. Rb1 Rb2 20. Rxb2 axb2+ 21. Kxb2 Bc4 22. a4 Rb8+ 23. Ka3 d5
24. e5 Qe4 25. Qxe4 Rb3+ 26. Ka2 Rb4+ 27. Ka3 Rb3+ 28. Ka2 Rb4+ 29. Ka3 1/2-1/2

[Event "2e tournoi de maitres"]
[Site "Montigny le Bretonneux"]
[Date "2014.10.19"]
[Round "2.3"]
[White "Justo, Damian"]
[Black "Jessel, Stephen"]
[Result "1/2-1/2"]
[WhiteElo "2353"]
[BlackElo "2342"]
[Annotator "Rivier,Sylvain"]
[PlyCount "29"]
[EventDate "2014.??.??"]

{Ouverture du pion dame} 1. d4 e6 2. c4 b6 3. e4 Bb7 4. Bd3 Bb4+ 5. Bd2 Bxd2+
6. Qxd2 f5 7. Nc3 Nf6 8. f3 Nc6 9. d5 Ne5 10. exf5 exf5 11. f4 Nxd3+ 12. Qxd3
O-O 13. O-O-O c6 14. dxc6 Bxc6 15. Nf3 1/2-1/2

[Event "2e tournoi de maitres"]
[Site "Montigny le Bretonneux"]
[Date "2014.10.19"]
[Round "2.4"]
[White "Etrog, Jonathan"]
[Black "Saada, Julien"]
[Result "1/2-1/2"]
[WhiteElo "2255"]
[BlackElo "2331"]
[Annotator "Rivier,Sylvain"]
[PlyCount "44"]
[EventDate "2014.??.??"]

{Ouverture anglaise} 1. c4 e6 2. g3 d5 3. Bg2 Nf6 4. Nf3 dxc4 5. Na3 Bxa3 6.
bxa3 Nbd7 7. Bb2 O-O 8. Rc1 b5 9. a4 a6 10. d3 Bb7 11. dxc4 Qb8 12. c5 Bc6 13.
O-O bxa4 14. Qc2 Qb4 15. Bc3 Qg4 16. Bxf6 gxf6 17. Ng5 fxg5 18. Bxc6 Rad8 19.
Qxa4 Ne5 20. Qxg4 Nxg4 21. Rfd1 Kg7 22. Bb7 a5 1/2-1/2

[Event "2e tournoi de maitres"]
[Site "Montigny le Bretonneux"]
[Date "2014.10.19"]
[Round "2.5"]
[White "Van Dongen, Patrick"]
[Black "Kambrath, Yannick"]
[Result "1-0"]
[WhiteElo "2312"]
[BlackElo "2267"]
[Annotator "Rivier,Sylvain"]
[PlyCount "87"]
[EventDate "2014.??.??"]

{Défene est-indienne, variante orthodoxe} 1. c4 Nf6 2. Nc3 g6 3. e4 d6 4. d4
Bg7 5. Nf3 O-O 6. Be2 Nbd7 7. O-O e5 8. Be3 Qe7 9. Qc2 exd4 10. Nxd4 Re8 11. f3
c6 12. Rad1 a6 13. Bf2 Ne5 14. Qd2 Qc7 15. Rc1 c5 16. Nc2 Be6 17. b3 Nc6 18.
Rfd1 Rad8 19. Bh4 Rd7 20. Nd5 Qd8 21. Nce3 Nd4 22. Bd3 h6 23. Nxf6+ Bxf6 24.
Bxf6 Qxf6 25. Nc2 Kg7 26. Nxd4 Qxd4+ 27. Kh1 f6 28. Bf1 Qe5 29. Re1 g5 30. Rcd1
Red8 31. g3 f5 32. Bh3 fxe4 33. Bxe6 Qxe6 34. Rxe4 Qf6 35. Kg2 Rf7 36. Qe3 Rdf8
37. Rd3 Rd8 38. Re6 Qb2+ 39. Rd2 Qc1 40. Qd3 Rf6 41. Re7+ Kf8 42. Rde2 g4 43.
f4 Qa1 44. Qh7 1-0

[Event "2e tournoi de maitres"]
[Site "Montigny le Bretonneux"]
[Date "2014.10.20"]
[Round "3.1"]
[White "Savina, Anastasia"]
[Black "Petkov, Vladimir"]
[Result "0-1"]
[WhiteElo "2395"]
[BlackElo "2528"]
[Annotator "Rivier,Sylvain"]
[PlyCount "104"]
[EventDate "2014.??.??"]

{Défense Nimzo-indienne, variante classique} 1. d4 Nf6 2. c4 e6 3. Nf3 Nc6 4.
Nc3 Bb4 5. Qc2 d6 6. a3 Bxc3+ 7. Qxc3 O-O 8. Bg5 h6 9. Bh4 g5 10. Bg3 Ne4 11.
Qc2 f5 12. e3 Qf6 13. Bd3 Nxg3 14. hxg3 e5 15. d5 Ne7 16. Nd2 Kg7 17. O-O-O e4
18. Be2 Qe5 19. f4 exf3 20. Nxf3 Qf6 21. Bd3 Bd7 22. Rdf1 Rae8 23. Nd4 Qe5 24.
Kb1 c5 25. Nf3 Qf6 26. Nd2 Ng6 27. g4 Rxe3 28. Bxf5 Bxf5 29. gxf5 Nf4 30. g3
Ne2 31. Ne4 Rxe4 32. Qxe4 Nxg3 33. Qg2 Nxh1 34. Qxh1 Re8 35. Qh2 Re4 36. Ka2 a6
37. Qc2 Re7 38. Qb3 h5 39. Qf3 g4 40. Qg2 b5 41. Qh2 Re4 42. Qxh5 Kf8 43. cxb5
axb5 44. Qh2 b4 45. Rf4 g3 46. Qxg3 bxa3 47. Rf2 axb2 48. Qa3 Qd4 49. Rxb2
Qxd5+ 50. Qb3 Ra4+ 51. Kb1 Qxf5+ 52. Qc2 Qf1+ 0-1

[Event "2e tournoi de maitres"]
[Site "Montigny le Bretonneux"]
[Date "2014.10.20"]
[Round "3.2"]
[White "Jessel, Stephen"]
[Black "Ninov, Nikolai"]
[Result "1/2-1/2"]
[WhiteElo "2342"]
[BlackElo "2440"]
[Annotator "Rivier,Sylvain"]
[PlyCount "42"]
[EventDate "2014.??.??"]

{Ouverture anglaise, variante symétrique} 1. Nf3 c5 2. c4 Nf6 3. g3 Nc6 4. d4
cxd4 5. Nxd4 Qa5+ 6. Nc3 Ne4 7. Ndb5 g6 8. Bg2 Nxc3 9. Nxc3 Bg7 10. Bd2 O-O 11.
Nd5 Qc5 12. b4 Qxc4 13. Rc1 Qxa2 14. b5 Nd4 15. Nxe7+ Kh8 16. Bc3 Qb3 17. Bxd4
Qb4+ 18. Qd2 Qxd4 19. Qxd4 Bxd4 20. O-O Re8 21. Rxc8 Raxc8 1/2-1/2

[Event "2e tournoi de maitres"]
[Site "Montigny le Bretonneux"]
[Date "2014.10.20"]
[Round "3.3"]
[White "Joie, Sebastien"]
[Black "Van Dongen, Patrick"]
[Result "1-0"]
[WhiteElo "2398"]
[BlackElo "2312"]
[Annotator "Rivier,Sylvain"]
[PlyCount "97"]
[EventDate "2014.??.??"]

{Défense néo-Grünfeld} 1. Nf3 Nf6 2. g3 g6 3. Bg2 Bg7 4. O-O O-O 5. c4 c6 6. d4
d5 7. b3 c5 8. Bb2 Nc6 9. cxd5 Nxd5 10. Qd2 cxd4 11. Nxd4 Ndb4 12. Nxc6 Nxc6
13. Bxg7 Kxg7 14. Bxc6 bxc6 15. Qxd8 Rxd8 16. Nc3 Be6 17. Rfd1 c5 18. Rxd8 Rxd8
19. Rd1 Rxd1+ 20. Nxd1 Kf6 21. f4 Bd7 22. Kf2 e5 23. Ke3 exf4+ 24. gxf4 Kf5 25.
Nf2 Ke6 26. Ne4 Kd5 27. Nf6+ Kc6 28. Nxh7 Kb5 29. Ng5 Kb4 30. Nxf7 Ka3 31. Kd2
Kxa2 32. Kc3 Be6 33. Ne5 Bxb3 34. Nd3 Bf7 35. Nxc5 Kb1 36. e4 Kc1 37. e5 Kd1
38. e6 Be8 39. h4 Ke2 40. Nd3 Ke3 41. h5 gxh5 42. f5 h4 43. f6 h3 44. f7 Bxf7
45. exf7 h2 46. f8=Q h1=Q 47. Qf4+ Ke2 48. Qf2+ Kd1 49. Qc2# 1-0

[Event "2e tournoi de maitres"]
[Site "Montigny le Bretonneux"]
[Date "2014.10.20"]
[Round "3.4"]
[White "Saada, Julien"]
[Black "Justo, Damian"]
[Result "1/2-1/2"]
[WhiteElo "2331"]
[BlackElo "2353"]
[Annotator "Rivier,Sylvain"]
[PlyCount "147"]
[EventDate "2014.??.??"]

{Ouverture du pion dame} 1. d4 e6 2. Nf3 Nf6 3. Bg5 c5 4. c3 cxd4 5. cxd4 Nc6
6. Nc3 Bb4 7. a3 Bxc3+ 8. bxc3 Qa5 9. Bd2 Ne4 10. c4 Nxd2 11. Qxd2 b6 12. e3
Ba6 13. Bd3 Rc8 14. Ke2 Qa4 15. c5 O-O 16. Rhc1 bxc5 17. Rxc5 Nxd4+ 18. exd4
Rxc5 19. dxc5 Qe4+ 20. Qe3 Bxd3+ 21. Kd2 Rb8 22. Qxe4 Bxe4 23. Kc3 Kf8 24. Ne5
Ke7 25. Nc4 Rc8 26. Kd4 Bxg2 27. Rg1 Bd5 28. Ne3 Ba2 29. Rxg7 e5+ 30. Kxe5
Rxc5+ 31. Kd4 Rh5 32. Rg2 Be6 33. Kc3 Rh4 34. f3 Ra4 35. Nc2 Kf6 36. Rd2 Ke5
37. Rd4 Rxd4 38. Nxd4 Kf4 39. Kd3 d6 40. Ke2 Bd5 41. Kf2 a6 42. Ne2+ Ke5 43.
Ke3 Be6 44. Nc3 Bd7 45. Ne4 h6 46. f4+ Kd5 47. Nf6+ Kc6 48. Ke4 Be6 49. f5 Ba2
50. h4 Kc5 51. Ng4 h5 52. Nf6 Bb1+ 53. Kf4 d5 54. Nxh5 d4 55. Ng3 Kd6 56. h5
Ke7 57. Ke5 d3 58. f6+ Kf8 59. Ne4 Kg8 60. Kd4 Kh7 61. Ke3 Ba2 62. Kxd3 Bb1+
63. Kd4 Bxe4 64. Kxe4 Kh6 65. Kd5 Kxh5 66. Kc6 Kg6 67. Kb6 Kxf6 68. Kxa6 Ke5
69. Kb6 f5 70. a4 f4 71. a5 f3 72. a6 f2 73. a7 f1=Q 74. a8=Q 1/2-1/2

[Event "2e tournoi de maitres"]
[Site "Montigny le Bretonneux"]
[Date "2014.10.20"]
[Round "3.5"]
[White "Kambrath, Yannick"]
[Black "Etrog, Jonathan"]
[Result "1-0"]
[WhiteElo "2267"]
[BlackElo "2255"]
[Annotator "Rivier,Sylvain"]
[PlyCount "159"]
[EventDate "2014.??.??"]

{Défense Benoni} 1. d4 Nf6 2. c4 c5 3. d5 e6 4. Nc3 exd5 5. cxd5 d6 6. Nf3 g6
7. Bf4 a6 8. Nd2 b5 9. a4 b4 10. Nce4 Nxd5 11. Bxd6 Ne3 12. fxe3 Bxd6 13. Nc4
Be7 14. Ncd6+ Bxd6 15. Nxd6+ Ke7 16. Nxc8+ Qxc8 17. Qd5 Nd7 18. g3 Qc7 19. Bg2
Rac8 20. Qg5+ Kf8 21. Qh6+ Ke7 22. O-O Qe5 23. Rad1 Nf6 24. Rf4 Rhd8 25. Rdf1
Rd6 26. g4 g5 27. Rf5 Qxb2 28. e4 Qd4+ 29. Kh1 Nd7 30. Rxf7+ Kd8 31. Qxg5+ Kc7
32. e5 Re6 33. Qf5 Qxe5 34. Qf3 Re7 35. Rf5 Qxe2 36. Qb7+ Kd8 37. Rf8+ Re8 38.
R8f7 Re7 39. Rf8+ Re8 40. R8f7 Re7 41. R7f2 Qe6 42. Rd1 Rc7 43. Rf8+ Re8 44.
Rxe8+ Qxe8 45. Qb8+ Rc8 46. Qb6+ Ke7 47. Qd6+ Kd8 48. Bc6 Rc7 49. Qxc5 Qe6 50.
Qf8+ Qe8 51. Qd6 Qg6 52. Qf8+ Qe8 53. Qf3 Qe6 54. Bxd7 Rxd7 55. Qf8+ Qe8 56.
Rxd7+ Kxd7 57. Qxb4 Qe2 58. Qd4+ Ke7 59. Kg1 Qe1+ 60. Kg2 Qe2+ 61. Kg3 Qe1+ 62.
Kf4 Qh4 63. Qe5+ Kd7 64. Kf5 h6 65. Qf4 Kd8 66. Qd4+ Kc7 67. Qf4+ Kb6 68. Qd4+
Kc7 69. Qc5+ Kb7 70. Qd5+ Kc8 71. Qc6+ Kb8 72. Qb6+ Kc8 73. Qxa6+ Kc7 74. Qc4+
Kb6 75. Qb4+ Kc7 76. Qf4+ Kb6 77. Kg6 Qh3 78. Qg3 Qf1 79. Qb3+ Kc7 80. Qf7+ 1-0

[Event "2e tournoi de maitres"]
[Site "Montigny le Bretonneux"]
[Date "2014.10.21"]
[Round "4.2"]
[White "Etrog, Jonathan"]
[Black "Joie, Sebastien"]
[Result "0-1"]
[WhiteElo "2255"]
[BlackElo "2398"]
[Annotator "Rivier,Sylvain"]
[PlyCount "72"]
[EventDate "2014.??.??"]

{Ouverture anglaise, variante Botvinnik} 1. c4 b6 2. Nc3 Bb7 3. e4 c5 4. g3 g6
5. Nge2 Bg7 6. Bg2 Nc6 7. O-O d6 8. d3 e6 9. a3 Nge7 10. Rb1 O-O 11. f4 Nd4 12.
Nxd4 Bxd4+ 13. Kh1 Bxc3 14. bxc3 f5 15. Qc2 Qd7 16. d4 cxd4 17. cxd4 Bxe4 18.
Bxe4 fxe4 19. d5 exd5 20. cxd5 Rae8 21. Bb2 Nxd5 22. Qc4 Qe6 23. Rbd1 Nf6 24.
Qxe6+ Rxe6 25. f5 gxf5 26. Rxf5 e3 27. Re1 Ne4 28. Rxf8+ Kxf8 29. Bd4 e2 30.
Kg2 Nd2 31. Kf2 Nc4 32. a4 Re4 33. Bc3 Ne5 34. Rxe2 Rxa4 35. Bxe5 dxe5 36. Rxe5
Ra2+ 0-1

[Event "2e tournoi de maitres"]
[Site "Montigny le Bretonneux"]
[Date "2014.10.21"]
[Round "4.3"]
[White "Van Dongen, Patrick"]
[Black "Savina, Anastasia"]
[Result "1/2-1/2"]
[WhiteElo "2312"]
[BlackElo "2395"]
[Annotator "Rivier,Sylvain"]
[PlyCount "59"]
[EventDate "2014.??.??"]

{Défense sicilienne, variante Alapine} 1. e4 c5 2. c3 Nf6 3. e5 Nd5 4. d4 cxd4
5. Nf3 Nc6 6. Bc4 Nb6 7. Bb3 d5 8. exd6 Qxd6 9. O-O Be6 10. Na3 Bxb3 11. Qxb3
e6 12. Nb5 Qd7 13. Nbxd4 Nxd4 14. Nxd4 Be7 15. Rd1 Qa4 16. Nb5 O-O 17. Be3 Rfd8
18. Qxa4 Nxa4 19. b3 Rxd1+ 20. Rxd1 Nc5 21. b4 Na4 22. Rd7 a6 23. Nd4 Kf8 24.
Rxb7 Nxc3 25. a3 Nb1 26. a4 Nc3 27. a5 Nd5 28. Bd2 Rd8 29. Kf1 Nxb4 30. Bxb4
1/2-1/2

[Event "2e tournoi de maitres"]
[Site "Montigny le Bretonneux"]
[Date "2014.10.21"]
[Round "4.4"]
[White "Justo, Damian"]
[Black "Kambrath, Yannick"]
[Result "0-1"]
[WhiteElo "2353"]
[BlackElo "2267"]
[Annotator "Rivier,Sylvain"]
[PlyCount "146"]
[EventDate "2014.??.??"]

{Défense néo-Grünfeld} 1. d4 Nf6 2. c4 g6 3. Nc3 d5 4. cxd5 Nxd5 5. g3 Bg7 6.
Bg2 Nxc3 7. bxc3 c5 8. Nf3 Nc6 9. O-O cxd4 10. cxd4 Nxd4 11. Nxd4 Qxd4 12. Rb1
O-O 13. Be3 Qc4 14. Qd2 Be6 15. Rxb7 Rad8 16. Qa5 a6 17. a3 Qxe2 18. Rxe7 Bc4
19. Bg5 Qa2 20. Rfe1 Bd4 21. Be3 Bxe3 22. R7xe3 Bb5 23. h4 Rd2 24. Rf3 Re2 25.
Rxe2 Qxe2 26. Rf4 Re8 27. Kh2 Qe1 28. Qc7 Qe7 29. Qc3 Qe5 30. Qb3 Re7 31. Bd5
Be8 32. Qb4 Qc7 33. h5 Re5 34. Bf3 Qc5 35. Qb2 gxh5 36. Kg2 Bc6 37. Bxc6 Qxc6+
38. Kh2 Re1 39. Qb8+ Kg7 40. Qb2+ f6 41. f3 Qe6 42. Re4 Rxe4 43. fxe4 Qxe4 44.
Qf2 Kg6 45. Qa2 h4 46. Qg8+ Kh6 47. Qf8+ Kh5 48. Qf7+ Qg6 49. g4+ Kxg4 50. Qc4+
Kf3 51. Qf1+ Ke4 52. Qxa6 Qg3+ 53. Kh1 Qe1+ 54. Kg2 Qg3+ 55. Kh1 Qf3+ 56. Kh2
Qf4+ 57. Kg2 Ke3 58. Qa7+ Qd4 59. Qxh7 Qg4+ 60. Kh2 Qf4+ 61. Kg2 Qf3+ 62. Kh2
Qg3+ 63. Kh1 Qh3+ 64. Kg1 Qg3+ 65. Kh1 Qf3+ 66. Kh2 Qf4+ 67. Kg2 Qg5+ 68. Kh2
Qe5+ 69. Kg2 Qb2+ 70. Kh3 Qxa3 71. Qf5 Qd6 72. Kxh4 Qf4+ 73. Qg4 f5 0-1

[Event "2e tournoi de maitres"]
[Site "Montigny le Bretonneux"]
[Date "2014.10.21"]
[Round "4.5"]
[White "Jessel, Stephen"]
[Black "Saada, Julien"]
[Result "1/2-1/2"]
[WhiteElo "2342"]
[BlackElo "2331"]
[Annotator "Rivier,Sylvain"]
[PlyCount "173"]
[EventDate "2014.??.??"]

{Ouverture anglaise} 1. Nf3 d5 2. c4 e6 3. g3 Nf6 4. b3 dxc4 5. bxc4 e5 6. Bg2
Nc6 7. O-O Bc5 8. Nc3 O-O 9. d3 h6 10. Bb2 Re8 11. Nd5 Bg4 12. Rb1 Rb8 13. h3
Bh5 14. Ba1 Nxd5 15. cxd5 Qxd5 16. g4 e4 17. Nd2 Bg6 18. Nxe4 Bxe4 19. Bxe4 Qd6
20. Kg2 Bb6 21. e3 Ne5 22. Qc2 c6 23. Qc3 f6 24. Rb3 Nd7 25. Qc4+ Kh8 26. Rbb1
Re7 27. Rh1 Rd8 28. Rbd1 Ne5 29. Qc2 Nf7 30. h4 Qd7 31. Qe2 Bc7 32. f4 Nd6 33.
Bg6 Qe6 34. e4 Nb5 35. Qf3 Qxa2+ 36. Kh3 Nd4 37. Bxd4 Rxd4 38. g5 Qe6+ 39. Bf5
Qd6 40. gxh6 gxh6 41. Rhf1 Rg7 42. Qh5 Rxd3+ 43. Rxd3 Qxd3+ 44. Rf3 Qd6 45.
Qxh6+ Kg8 46. e5 Qd5 47. Bh7+ Kf8 48. Qxf6+ Rf7 49. Qh6+ Rg7 50. Qf6+ Rf7 51.
Qh8+ Ke7 52. Kg3 Qd4 53. Kg4 Qg1+ 54. Rg3 Qd1+ 55. Kg5 Qd4 56. Rg4 Bd8 57. Bg6
Kd7+ 58. Kh5 Qd5 59. Bxf7 Qxf7+ 60. Kh6 Be7 61. e6+ Qxe6+ 62. Rg6 Qd5 63. Qe5
Qxe5 64. fxe5 Bxh4 65. Kg7 a5 66. Kf7 Be7 67. Rg1 Bc5 68. Rc1 Ba3 69. Ra1 Bc5
70. Rxa5 b5 71. Ra1 Kc7 72. Rc1 Ba3 73. Ra1 Bc5 74. e6 Kb6 75. Rc1 Bd6 76. e7
Bxe7 77. Kxe7 b4 78. Kd6 Kb5 79. Rxc6 b3 80. Kd5 b2 81. Rc8 Kb4 82. Kd4 Kb3 83.
Rb8+ Kc2 84. Rc8+ Kd2 85. Rb8 Kc2 86. Rc8+ Kd2 87. Rb8 1/2-1/2

[Event "2e tournoi de maitres"]
[Site "Montigny le Bretonneux"]
[Date "2014.10.22"]
[Round "5.1"]
[White "Petkov, Vladimir"]
[Black "Van Dongen, Patrick"]
[Result "1-0"]
[WhiteElo "2528"]
[BlackElo "2312"]
[Annotator "Rivier,Sylvain"]
[PlyCount "73"]
[EventDate "2014.??.??"]

{Gambit dame, défense slave, variante hollandaise} 1. d4 d5 2. c4 c6 3. Nf3 Nf6
4. Nc3 dxc4 5. a4 Bf5 6. e3 e6 7. Bxc4 Bb4 8. O-O Nbd7 9. h3 h6 10. Qe2 Bh7 11.
e4 Bxc3 12. bxc3 Nxe4 13. Ba3 Qc7 14. Rfe1 O-O-O 15. a5 g5 16. Qb2 Ndf6 17. Ne5
Nd5 18. Bf1 f6 19. Nd3 Rhe8 20. Bc5 Nxc5 21. Nxc5 e5 22. dxe5 fxe5 23. c4 Nf4
24. Re3 Ne6 25. Nxe6 Rxe6 26. c5 a6 27. Be2 Re7 28. Ra4 Rd5 29. Rb4 Rxc5 30.
Reb3 Rc2 31. Bg4+ Kd8 32. Qa1 Qd6 33. Rxb7 Qd4 34. Rb8+ Kc7 35. R3b7+ Kd6 36.
Rd8+ Kc5 37. Qa3+ 1-0

[Event "2e tournoi de maitres"]
[Site "Montigny le Bretonneux"]
[Date "2014.10.22"]
[Round "5.2"]
[White "Saada, Julien"]
[Black "Ninov, Nikolai"]
[Result "1/2-1/2"]
[WhiteElo "2331"]
[BlackElo "2440"]
[Annotator "Rivier,Sylvain"]
[PlyCount "87"]
[EventDate "2014.??.??"]

{Ouverture du pion dame} 1. d4 Nf6 2. Bg5 e6 3. e4 h6 4. Bxf6 Qxf6 5. c3 e5 6.
dxe5 Qxe5 7. Nd2 d6 8. Ngf3 Qf6 9. Bd3 Nd7 10. O-O Ne5 11. Nxe5 dxe5 12. Nc4
Be6 13. Qa4+ c6 14. Qa5 b5 15. Ne3 Qd8 16. Qxd8+ Rxd8 17. Rfd1 Bc5 18. Nf5 Rg8
19. Bc2 g6 20. Ng3 Ke7 21. Kf1 a5 22. Bb3 Bg4 23. f3 Bc8 24. a4 Rxd1+ 25. Rxd1
bxa4 26. Bxa4 Ba6+ 27. Ke1 Rb8 28. b3 Bc8 29. Nf1 Be6 30. Nd2 Rb6 31. Ke2 f5
32. Kd3 Kf6 33. Nc4 Ra6 34. exf5 gxf5 35. Re1 e4+ 36. fxe4 fxe4+ 37. Kxe4 Bd5+
38. Kf4 Bxg2 39. Re5 Bd5 40. Rf5+ Kg7 41. Bxc6 Bxc4 42. Rxc5 Bxb3 43. Bd5 Bxd5
44. Rxd5 1/2-1/2

[Event "2e tournoi de maitres"]
[Site "Montigny le Bretonneux"]
[Date "2014.10.22"]
[Round "5.3"]
[White "Joie, Sebastien"]
[Black "Justo, Damian"]
[Result "1/2-1/2"]
[WhiteElo "2398"]
[BlackElo "2353"]
[Annotator "Rivier,Sylvain"]
[PlyCount "125"]
[EventDate "2014.??.??"]

{Ouverture du pion dame} 1. d4 e6 2. Bf4 Nf6 3. Nf3 c5 4. e3 Nc6 5. c3 b6 6.
Nbd2 cxd4 7. exd4 Be7 8. h3 O-O 9. Bd3 Bb7 10. Qe2 Re8 11. Bh2 Bf8 12. O-O g6
13. a4 d6 14. Nc4 a6 15. Ncd2 e5 16. dxe5 Nxe5 17. Nxe5 dxe5 18. Nc4 Nd5 19.
Be4 f5 20. Bxd5+ Qxd5 21. Ne3 Qe6 22. f3 Rad8 23. Rad1 e4 24. f4 Rd3 25. Kh1
Red8 26. Bg1 Qb3 27. Nc2 Qxb2 28. Bd4 Rxd1 29. Rxd1 Qb3 30. Ne3 Qxa4 31. Qb2
Rd6 32. Ra1 Qd7 33. Nc4 Re6 34. Nxb6 Qc6 35. Qa2 Bg7 36. Rb1 Kh8 37. Qa3 Re8
38. Bxg7+ Kxg7 39. c4 e3 40. Nd5 Kh6 41. Qb4 Ba8 42. Qe1 e2 43. Rb6 Qd7 44.
Rxa6 Bxd5 45. cxd5 Kg7 46. Kh2 Kg8 47. d6 Qe6 48. Rc6 Qd5 49. Rc2 Qxd6 50. Rxe2
Qxf4+ 51. g3 Rxe2+ 52. Qxe2 Qe4 53. Qa2+ Kg7 54. Qd2 Qe5 55. h4 Qe6 56. Qc3+
Qf6 57. Qc7+ Kh6 58. Qf4+ Kg7 59. Qc7+ Kg8 60. Qc8+ Qf8 61. Qc4+ Qf7 62. Qc8+
Kg7 63. Qc3+ 1/2-1/2